LEADER 00971nam 2200289z- 450 001 9910694008603321 005 20060815173714.0 035 $a(CKB)5470000001380708 035 $a(BIP)013677676 035 $a(EXLCZ)995470000001380708 100 $a20220308c2006uuuu -u- - 101 0 $aeng 200 14$aThe future of NASA $ehearing before the Committee on Science, House of Representatives, One Hundred Ninth Congress, first session, June 28, 2005 215 $a1 online resource (iv, 80 p.) 311 $a0-16-076512-9 517 $aFuture of NASA 606 $aAstronautics and state$zUnited States 610 $aUnited States 610 $aAstronautics and state 610 $aTechnology & engineering 610 $aPolitical science 615 0$aAstronautics and state 712 02$aUnited States, Congress House Committee on Science Staff,$4oth 906 $aBOOK 912 $a9910694008603321 996 $aThe future of NASA$93216926 997 $aUNINA